Algebraic aspects of integrable systems : in memory of Irene Dorfman /

Guardado en:
Otros Autores: Dorfman, Irene., Fokas, A. S., 1952- (Editor ), Gel´fand, I. M. (Editor )
Formato: Libro
Idioma:English
Publicado: Boston : Birkäuser, c1997.
Series:Progress in nonlinear differential equations and their applications ; v. 26
Materias:
Etiquetas: Agregar Etiqueta
Sin Etiquetas, Sea el primero en etiquetar este registro!
LEADER 02536cam a2200277 a 4500
001 MAT.inmabb003623
008 960628s1997####mau######b####010#0#eng##
005 20160530164508.0
245 0 0 |a Algebraic aspects of integrable systems :  |b in memory of Irene Dorfman /  |c A. S. Fokas and I. M. Gelfand, editors. 
260 |a Boston :  |b Birkäuser,  |c c1997. 
300 |a viii, 350 p. ;  |c 24 cm. 
440 0 |a Progress in nonlinear differential equations and their applications ;  |v v. 26 
504 |a Incluye referencias bibliográficas. 
505 0 |a Mark S. Alber, Gregory G. Luther and Jerrold E. Marsden, Complex billiard Hamiltonian systems and nonlinear waves -- Paula Beazley Cohen, Yuri Manin and Don Zagier, Automorphic pseudodifferential operators -- L. A. Dickey, On $ tau$-functions of Zakharov-Shabat and other matrix hierarchies of integrable equations -- E. V. Ferapontov and O. I. Mokhov, On the Hamiltonian representation of the associativity equations -- A. S. Fokas, P. J. Olver and P. Rosenau, A plethora of integrable bi-Hamiltonian equations -- Allan P. Fordy and Simon D. Harris, Hamiltonian structures in stationary manifold coordinates -- Benno Fuchssteiner, Compatibility in abstract algebraic structures -- F. Alberto Grünbaum and Luc Haine, A theorem of Bochner, revisited -- Y. Kodama and A. V. Mikhailov, Obstacles to asymptotic integrability -- B. A. Kupershmidt, Infinitely-precise space-time discretizations of the equation $u_t+uu_x=0$ -- Henry P. McKean, Trace formulas and the canonical $1$-form -- Frank Nijhoff, On some "Schwarzian" equations and their discrete analogues -- W. Oevel, Poisson brackets for integrable lattice systems -- Orlando Ragnisco and Yuri B. Suris, On the $r$-matrix structure of the Neumann system and its discretizations -- Paolo Maria Santini, Multiscale expansions, symmetries and the nonlinear Schrödinger hierarchy -- W. K. Schief and C. Rogers, On a Laplace sequence of nonlinear integrable Ernst-type equations -- Michael Semenov-Tian-Shansky and Alexey Sevostyanov, Classical and quantum nonultralocal systems on the lattice. 
510 4 |a MR,  |c 97f:58002 
020 |a 0817638350 
020 |a 3764338350 (Basel) 
700 1 |a Dorfman, Irene. 
700 1 |a Fokas, A. S.,  |d 1952-  |4 edt 
700 1 |a Gel´fand, I. M.  |q (Izrail´ Moiseevich)  |4 edt 
650 0 |a Differentiable dynamical systems. 
650 0 |a Mathematical physics. 
084 |a 37-06 (37J35 37K10 00B30)  |2 msc2000 
010 |a  96031350  
040 |a DLC  |c DLC  |d DLC 
859 |h 37  |i Al394  |p A-7546  |b BIB. MATEMATICA